000 01066cam a2200289 i 4500
001 17540079
003 EG-ScBUE
005 20241016112522.0
008 121126s2013 nyua f b f000 0 eng d
020 _a9781107032019 (Hardback)
040 _aDLC
_beng
_erda
_cDLC
_dDLC
_dEG-ScBUE
082 0 4 _a515.357
_222
_bINV
245 0 0 _aInverse problems and applications :
_binside out II /
_cedited by Gunther Uhlmann, University of Washington.
246 3 0 _aInside out II
264 1 _aNew York, United States :
_bCambridge University Press,
_c2013.
300 _axii, 580 pages :
_billustrations ;
_c25 cm.
336 _2rdacontent
_atext
_btxt
337 _aunmediated
_2rdamedia
_bn
338 _avolume
_bnc
_2rdacarrier
490 0 _aMathematical Sciences Research Institute publications ;
_v60
504 _aIncludes bibliographical references.
650 7 _aInverse problems (Differential equations)
_2BUEsh
_936947
653 _bENGELC
_cDecember2014
655 _vReading book
_934232
700 1 _aUhlmann, Gunther,
_d1952-
_eeditor.
_936948
942 _2ddc
_cBB
999 _c18787
_d18759